| 000 | 01185nam a2200349 c 4500 | ||
|---|---|---|---|
| 001 | 45725 | ||
| 003 | ES-MaCES | ||
| 005 | 20141229154008.0 | ||
| 008 | 141229s2014 sp l 000 | spa d | ||
| 017 |
_aM 16962-2014 _bDL |
||
| 020 | _a9788430962624 | ||
| 040 |
_aES-MaCES _bspa _cES-MaCES |
||
| 110 | 1 |
_aEspaña _tReal Decreto Legislativo por el que se aprueba el texto refundido de la Ley de sociedades de capital _d2010 _935587 |
|
| 245 | 1 | 0 |
_aLey de sociedades de capital _b: texto refundido aprobado por Real Decreto Legislativo 1/2010, de 2 de julio _cprólogo de Ignacio Arroyo Martínez |
| 250 | _a6ª ed | ||
| 260 |
_aMadrid _bTecnos _c2014 |
||
| 300 |
_a265 p. _c17 cm |
||
| 490 | 1 |
_aBiblioteca de textos legales _v347 |
|
| 500 | _aÍndices | ||
| 541 | _cCompra | ||
| 650 | 4 |
_asociedades _930766 |
|
| 650 | 4 |
_acapital _928127 |
|
| 650 | 4 |
_aEspaña _926964 |
|
| 650 | 4 |
_aley de sociedades _929867 |
|
| 650 | 4 |
_a2010 _931233 |
|
| 650 | 4 |
_atexto _929624 |
|
| 653 | 1 | 0 | _aLegislación |
| 700 | 1 |
_aArroyo Martínez, Ignacio _ecol. _935588 |
|
| 830 | 0 |
_aBiblioteca de textos legales (Editorial Tecnos) _v347 _932312 |
|
| 902 | _aLIB Libro | ||
| 942 |
_2CES _cBK _h6.1. |
||
| 999 |
_c45725 _d45725 |
||